000 01889cam a2200421 a 4500
001 3040290
003 OSt
005 20251028112613.0
008 940801s1994 ja a b 100 0 eng d
010 _a 95141057
020 _a9280808443
020 _a9789280808445
035 _a3040290
035 _a(OCoLC)30858153
040 _aMWalB
_cmust
_dNcU-H
_dWaPS
_dDLC
042 _alccopycat
050 0 4 _a621.3 EXP 1994
_b.I58 1992
111 2 _aInternational Symposium on the Frontiers of Science and Technology
_n(2nd :
_d1992 :
_cKyoto, Japan)
_919495
245 1 0 _aExpanding access to science and technology :
_bthe role of information technologies : proceedings of the second International Symposium on the Frontiers of Science and Technology held in Kyoto, Japan, 12-14 May 1992 /
_cedited by Ines Wesley-Tanaskovic, Jacques Tocatlian, and Kenneth H. Roberts.
260 _aTokyo :
_bUnited Nations University,
_cc1994.
300 _axiv, 462 p. :
_bill. ;
_c25 cm.
336 _atext
_btxt
_2rdacontent
337 _aunmediated
_bn
_2rdamedia
338 _avolume
_bnc
_2rdacarrier
500 _a"United Nations Sales No. E.94.III.A.1"--T.p. verso.
504 _aIncludes bibliographical references.
650 0 _aScience
_xInformation services
_xCongresses.
_919496
650 0 _aTechnology
_xInformation services
_xCongresses.
_919497
650 0 _aInformation storage and retrieval systems
_xScience
_xCongresses.
_919498
650 0 _aInformation storage and retrieval systems
_xTechnology
_xCongresses.
_919499
700 1 _aWesley-Tanaskovic, Ines.
_919500
700 1 _aTocatlian, Jacques.
_919501
700 1 _aRoberts, Kenneth H.
_919502
906 _a7
_bcbc
_ccopycat
_d2
_encip
_f19
_gy-gencatlg
942 _2z
_cB_BANK
999 _c9584
_d9584